The process of financial liberalization in India / (Record no. 124936)

MARC details
000 -LEADER
fixed length control field 00832nam a22002417a 4500
005 - DATE AND TIME OF LATEST TRANSACTION
control field 20170124105946.0
010 ## - LIBRARY OF CONGRESS CONTROL NUMBER
LC control number A-899305
020 ## - INTERNATIONAL STANDARD BOOK NUMBER
Terms of availability 00.00
International Standard Book Number 9780195642605
035 ## - SYSTEM CONTROL NUMBER
System control number A-899305
037 ## - SOURCE OF ACQUISITION
Source of stock number/acquisition Cen Lib/Ret
040 ## - CATALOGING SOURCE
Original cataloging agency DPL
Language of cataloging EN
082 ## - DEWEY DECIMAL CLASSIFICATION NUMBER
Classification number 338.954
Item number SEN
100 ## - MAIN ENTRY--PERSONAL NAME
Personal name Sen, Kunal
9 (RLIN) 12454
245 ## - TITLE STATEMENT
Title The process of financial liberalization in India /
Statement of responsibility, etc by Kunal Sen [and] Rajendar R. Vaidya
260 ## - PUBLICATION, DISTRIBUTION, ETC. (IMPRINT)
Place of publication, distribution, etc New Delhi
Name of publisher, distributor, etc Oxford University Press
Date of publication, distribution, etc 1997
270 ## - ADDRESS
Address YMCA Library Building, Jai Singh Road
City New Delhi
Postal code 110001
300 ## - PHYSICAL DESCRIPTION
Extent xiv,210p.
Dimensions 21cm(Hb)
500 ## - GENERAL NOTE
General note Includes index
650 ## - SUBJECT ADDED ENTRY--TOPICAL TERM
Topical term or geographic name as entry element Monetary policy
9 (RLIN) 12455
650 ## - SUBJECT ADDED ENTRY--TOPICAL TERM
Topical term or geographic name as entry element Finance--Government policy
9 (RLIN) 12456
700 ## - ADDED ENTRY--PERSONAL NAME
Personal name Vaidya, Rajendra R
9 (RLIN) 12457
942 ## - ADDED ENTRY ELEMENTS (KOHA)
Source of classification or shelving scheme Dewey Decimal Classification
Koha item type English Books
Classification part 338.954
Call number suffix SEN
Holdings
Withdrawn status Lost status Damaged status Not for loan Home library Current library Date acquired Source of acquisition Cost, normal purchase price Total Checkouts Full call number Barcode Date last seen Copy number Cost, replacement price Price effective from Koha item type Public note
Written off       Central Library Central Library 19/06/2015 Cen Lib/Ret 0.00   338.954 SEN A-899305 19/06/2015 1 0.00 19/06/2015 English Books Written off on approval by DLB (By Circulation); dtd 15-06-2023

© Delhi Public Library
Hit Counter
free hit counter